| 000 | 00782nam2a2200205 4500 | ||
|---|---|---|---|
| 001 | RU\NLR\PER_A\002841588_000540 | ||
| 005 | 20250702145924.0 | ||
| 035 | _a(NLR Aleph) 022561350 | ||
| 090 |
_a13436980 _c13436980 |
||
| 100 | _a20250606d2024 |||y0rusy50 ca | ||
| 101 | 0 | _arus | |
| 102 |
_aMD _aRU |
||
| 200 | 0 | _a№ 78 | |
| 210 | _d2024 | ||
| 461 | 0 |
_1001RU\NLR\Per\580271 _12001#$aРусин$eмеждународный исторический журнал$v№ 78 _92935726 _cКишинев _d2005 - _nРеспубликанская общественная организация "Русь" _oмеждународный исторический журнал _tРусин _x1857-2685 _v№ 78 |
|
| 852 |
_aNLR _jП22/8820 |
||
| 942 | _cISSUE | ||
| 980 | _aRUSPER | ||
| 980 | _aNB | ||